000 00449nam a2200181Ia 4500
005 20250603145136.0
008 250603s9999 xx 000 0 und d
020 _a9781292262253
050 _aHD 62.4 .W55/
100 _aWild, John J.
245 0 _aInternational business: the challenges of globalization
260 _aHarlow
260 _bPearson Education Limited
260 _c2020
300 _a443 p
650 _aHarlow
942 _cBK
999 _c40998
_d40998